Infrastructure for poor people : (Record no. 4921)
[ view plain ]
| 000 -LEADER | |
|---|---|
| fixed length control field | 01723nam a2200289 a 4500 |
| 001 - CONTROL NUMBER | |
| control field | 4921 |
| 003 - CONTROL NUMBER IDENTIFIER | |
| rucl marc code | BD-RjUL |
| 005 - DATE AND TIME OF LATEST TRANSACTION | |
| control field | 20211208233958.0 |
| 008 - FIXED-LENGTH DATA ELEMENTS--GENERAL INFORMATION | |
| fixed length control field | 160820s2003 dcua b i000 0 eng |
| 020 ## - INTERNATIONAL STANDARD BOOK NUMBER | |
| International Standard Book Number | 082135342X |
| 035 ## - SYSTEM CONTROL NUMBER | |
| System control number | (BD-RjUL)4956 |
| 040 ## - CATALOGING SOURCE | |
| Original cataloging agency | DLC |
| Transcribing agency | DLC |
| Modifying agency | DLC |
| -- | BD-RjUL |
| -- | OrLoB-B |
| Language of cataloging | eng |
| 041 ## - LANGUAGE CODE | |
| Language code of text/sound track or separate title | eng |
| 082 00 - DEWEY DECIMAL CLASSIFICATION NUMBER | |
| Edition number | 21 |
| Classification number | 362.557 |
| Author mark and year | INF 2003 |
| 245 00 - TITLE STATEMENT | |
| Title | Infrastructure for poor people : |
| Remainder of title | public policy for private provision / |
| Statement of responsibility, etc. | edited by Penelope J. Brook, Timothy C. Irwin. |
| 260 ## - PUBLICATION, DISTRIBUTION, ETC. (IMPRINT) | |
| Place of publication, distribution, etc. | Washington, DC : |
| Name of publisher, distributor, etc. | The World Bank, |
| Date of publication, distribution, etc. | c2003. |
| 300 ## - PHYSICAL DESCRIPTION | |
| Pagination | viii, 296 p. : |
| Illustrations | ill. ; |
| Size | 23 cm. |
| 500 ## - GENERAL NOTE | |
| General note | "Earler versions of chapters 3 through 7 were initially prepared for the conference on Infrastructure for Development ... held in London during May-June 2, 2000"--Acknowledgments. |
| 504 ## - BIBLIOGRAPHY, ETC. NOTE | |
| Bibliography, etc | Includes bibliographical references. |
| 505 00 - FORMATTED CONTENTS NOTE | |
| Title | Private Infrastructure and the Poor: Increasing Access / |
| -- | Universal Service: Empirical Evidence on the Provision of Infrastructure Services to Rural and Poor Urban Consumers / |
| -- | Infrastructure Coverage and the Poor: A Global Perspective / |
| -- | Measuring the Impact of Energy Interventions on the Poor - An Illustration from Guatemala / |
| -- | Impact of Market Structure on Service Options for the Poor / |
| -- | Regulating Infrastructure for the Poor: Perspectives on Regulatory System Design / |
| -- | Regulation of the Quality of Infrastructure Services in Developing Countries / |
| -- | Lifeline or Means-Testing? Electric Utility Subsidies in Honduras / |
| 650 #0 - SUBJECT ADDED ENTRY--TOPICAL TERM | |
| Topical term or geographic name as entry element | Poor. |
| 9 (RLIN) | 148116 |
| Topical term or geographic name as entry element | Infrastructure (Economics) |
| 9 (RLIN) | 171491 |
| Topical term or geographic name as entry element | Privatization. |
| 9 (RLIN) | 148117 |
| General subdivision | Government policy. |
| 700 1# - ADDED ENTRY--PERSONAL NAME | |
| Personal name | Brook, Penelope J. |
| Personal name | Irwin, Timothy. |
| 942 ## - ADDED ENTRY ELEMENTS (KOHA) | |
| Source of classification or shelving scheme | Dewey Decimal Classification |
| Koha item type | Books |
| Lost status | Source of classification or shelving scheme | Damaged status | Not for loan | Collection code | Permanent Location | Current Location | Shelving location | Date acquired | Source of acquisition | Cost, normal purchase price | Total Checkouts | Full call number | Date last seen | Copy number | Koha item type |
|---|---|---|---|---|---|---|---|---|---|---|---|---|---|---|---|
| Dewey Decimal Classification | Non-fiction | Central Library, University of Rajshahi | Central Library, University of Rajshahi | 27/05/2006 | Paragon Enterprises Dhaka | 25.00 | 362.557 INF 2003 | 20/08/2016 | C-2 | Books | |||||
| Dewey Decimal Classification | Not For Loan | Non-fiction | Central Library, University of Rajshahi | Central Library, University of Rajshahi | Reading Room | 27/05/2006 | Dhaka, Paragon Enterpries Ltd. | 25.00 | 362.557 INF 2003 | 12/12/2016 | C-1 | Books |